[Event "GER-ch Blitz 2019"]
[Site "Magdeburg"]
[Date "2019.05.25"]
[Round "2.9"]
[White "Carow, Johannes"]
[Black "Braeuer, Franz"]
[Result "1-0"]
[WhiteElo "2445"]
[BlackElo "2445"]
[Annotator "ChessBase"]
[PlyCount "141"]
[EventDate "2019.05.25"]
[EventType "tourn"]
[EventCountry "GER"]
[Tiebreak "Number of wins+Number of black wins"]
[SourceTitle "playchess.com"]
[Source "ChessBase"]
[SourceQuality "1"]
[TimeControl "180+2"]

1. Nf3 {[%emt 0:00:00]} d5 {[%emt 0:00:00]} 2. e3 {[%emt 0:00:01]} Nf6 {
[%emt 0:00:04]} 3. c4 {[%emt 0:00:01]} e6 {[%emt 0:00:01]} 4. Nc3 {[%emt 0:00:
01]} c6 {[%emt 0:00:03]} 5. b3 {[%emt 0:00:02]} Nbd7 {[%emt 0:00:01]} 6. Bb2 {
[%emt 0:00:00]} Bd6 {[%emt 0:00:01]} 7. Qc2 {[%emt 0:00:03]} a6 {[%emt 0:00:18]
} 8. d4 {[%emt 0:00:08]} O-O {[%emt 0:00:10]} 9. Bd3 {[%emt 0:00:04]} b5 {
[%emt 0:00:06]} 10. O-O {[%emt 0:00:03]} Bb7 {[%emt 0:00:15]} 11. e4 {[%emt 0:
00:32]} dxe4 {[%emt 0:00:12]} 12. Nxe4 {[%emt 0:00:01]} Nxe4 {[%emt 0:00:01]}
13. Bxe4 {[%emt 0:00:02]} Nf6 {[%emt 0:00:04]} 14. c5 {[%emt 0:00:30]} Nxe4 {
[%emt 0:00:12]} 15. Qxe4 {[%emt 0:00:02]} Be7 {[%emt 0:00:01]} 16. Rfe1 {
[%emt 0:00:07]} Bf6 {[%emt 0:00:07]} 17. Ne5 {[%emt 0:00:15]} Qd5 {[%emt 0:00:
27]} 18. Qxd5 {[%emt 0:00:06]} exd5 {[%emt 0:00:02]} 19. Nd7 {[%emt 0:00:01]}
Rfe8 {[%emt 0:00:01]} 20. Nxf6+ {[%emt 0:00:09]} gxf6 {[%emt 0:00:01]} 21. Bc3
{[%emt 0:00:04]} Re6 {[%emt 0:00:05]} 22. Rxe6 {[%emt 0:00:27]} fxe6 {[%emt 0:
00:01]} 23. Re1 {[%emt 0:00:01]} Kf7 {[%emt 0:00:02]} 24. Ba5 {[%emt 0:00:04]}
Rg8 {[%emt 0:00:13]} 25. f3 {[%emt 0:00:04]} Bc8 {[%emt 0:00:13]} 26. Kf2 {
[%emt 0:00:03]} Bd7 {[%emt 0:00:01]} 27. Re3 {[%emt 0:00:02]} Re8 {[%emt 0:00:
08]} 28. Bc7 {[%emt 0:00:13]} Rc8 {[%emt 0:00:01]} 29. Bb6 {[%emt 0:00:01]} Re8
{[%emt 0:00:01]} 30. f4 {[%emt 0:00:09]} Rc8 {[%emt 0:00:37]} 31. b4 {[%emt 0:
00:03]} Ke7 {[%emt 0:00:19]} 32. f5 {[%emt 0:00:08]} Kf7 {[%emt 0:00:02]} 33.
fxe6+ {[%emt 0:00:13]} Bxe6 {[%emt 0:00:00]} 34. Ra3 {[%emt 0:00:01]} Ra8 {
[%emt 0:00:01]} 35. Bc7 {[%emt 0:00:02]} Bf5 {[%emt 0:00:04]} 36. Rf3 {[%emt 0:
00:07]} Be4 {[%emt 0:00:02]} 37. Rf4 {[%emt 0:00:01]} Ke6 {[%emt 0:00:02]} 38.
Rh4 {[%emt 0:00:05]} Ra7 {[%emt 0:00:02]} 39. Bd8 {[%emt 0:00:04]} Rd7 {
[%emt 0:00:01]} 40. Bb6 {[%emt 0:00:04]} Rg7 {[%emt 0:00:01]} 41. g3 {[%emt 0:
00:02]} Rd7 {[%emt 0:00:06]} 42. Rh6 {[%emt 0:00:03]} Kf5 {[%emt 0:00:03]} 43.
Rh4 {[%emt 0:00:04]} Ke6 {[%emt 0:00:01]} 44. h3 {[%emt 0:00:03]} Rg7 {[%emt 0:
00:03]} 45. g4 {[%emt 0:00:04]} Rd7 {[%emt 0:00:06]} 46. Rh6 {[%emt 0:00:03]}
Kf7 {[%emt 0:00:01]} 47. h4 {[%emt 0:00:06]} Kg7 48. g5 Rf7 {[%emt 0:00:05]}
49. Ke2 {[%emt 0:00:03]} Bg6 {[%emt 0:00:02]} 50. Bd8 {[%emt 0:00:02]} fxg5 {
[%emt 0:00:00]} 51. hxg5 {[%emt 0:00:01]} Rf4 {[%emt 0:00:03]} 52. Rh3 {
[%emt 0:00:04]} Re4+ {[%emt 0:00:01]} 53. Kf2 {[%emt 0:00:01]} Kf7 {[%emt 0:00:
01]} 54. Bf6 {[%emt 0:00:02]} Rf4+ {[%emt 0:00:01]} 55. Ke2 {[%emt 0:00:01]}
Re4+ {[%emt 0:00:00]} 56. Kd2 {[%emt 0:00:01]} Rg4 {[%emt 0:00:02]} 57. Ra3 {
[%emt 0:00:01]} Rg2+ {[%emt 0:00:01]} 58. Ke1 {[%emt 0:00:02]} h6 {[%emt 0:00:
11]} 59. Rxa6 hxg5 {[%emt 0:00:01]} 60. Be5 {[%emt 0:00:04]} Bd3 {[%emt 0:00:
01]} 61. Rxc6 {[%emt 0:00:03]} Rxa2 {[%emt 0:00:01]} 62. Rf6+ {[%emt 0:00:05]}
Ke7 {[%emt 0:00:01]} 63. Rd6 {[%emt 0:00:01]} Be4 {[%emt 0:00:03]} 64. Rb6 {
[%emt 0:00:02]} Bd3 {[%emt 0:00:01]} 65. c6 {[%emt 0:00:01]} Rc2 {[%emt 0:00:
01]} 66. c7 {[%emt 0:00:00]} g4 {[%emt 0:00:05]} 67. Rb8 {[%emt 0:00:03]} Bf5 {
[%emt 0:00:01]} 68. Rxb5 {[%emt 0:00:03]} Be6 {[%emt 0:00:04]} 69. Rb6 Kd7 {
[%emt 0:00:05]} 70. Rb7 {[%emt 0:00:03]} Rc4 {[%emt 0:00:03]} 71. b5 {[%emt 0:
00:02]} 1-0

[Event "GER-ch Blitz 2019"]
[Site "Magdeburg"]
[Date "2019.05.25"]
[Round "2.10"]
[White "Buhmann, Rainer"]
[Black "Schneider, Ilja"]
[Result "1/2-1/2"]
[WhiteElo "2573"]
[BlackElo "2494"]
[Annotator "TA"]
[PlyCount "129"]
[EventDate "2019.05.25"]
[EventType "tourn"]
[EventCountry "GER"]
[Tiebreak "Number of wins+Number of black wins"]
[SourceTitle "playchess.com"]
[Source "ChessBase"]
[SourceQuality "1"]

{[%evp 11,129,29,25,22,22,18,29,10,22,9,12,14,55,48,52,50,39,21,33,15,15,25,87,
44,51,50,45,41,77,59,43,20,631,37,46,0,0,0,0,0,0,-40,-15,-68,0,-46,-47,-68,112,
0,0,0,0,0,0,0,0,0,0,-12,0,-28,0,0,0,0,155,165,358,0,12,10,12,10,17,0,6,-146,
171,173,166,155,422,160,1471,1597,1530,1428,1380,1189,811,384,374,356,338,339,
253,97,96,0,0,0,0,0,0,0,0,0,0,0,0,0,0,0,0,0,0,0,0,0]} 1. d4 d5 2. c4 c6 3. Nf3
Nf6 4. Nc3 a6 5. e3 b5 6. b3 Bg4 7. a4 {[%cal Ra4b5] D15: Slav Defence: 4 Nc3
a6 and gambit lines after 4 Nc3 dxc4} (7. cxd5 cxd5 8. Bd3 e6 9. a4 b4 10. Ne2
Bxf3 11. gxf3 Be7 12. Bd2 O-O 13. Rc1 Qd7 14. Qc2 Bd6 {1-0 (28) Aronian,L 
(2805)-Laznicka,V (2647) Riadh 2017}) 7... bxc4 8. bxc4 Nbd7 9. Be2 {White has
an edge.} e6 10. O-O Bb4 11. Bd2 Bd6 $146 ({Predecessor:} 11... Qa5 12. Nb1 Ne4
13. Bxb4 Qxb4 14. Qc2 O-O 15. Bd3 Bxf3 16. gxf3 Nef6 17. cxd5 cxd5 {1/2-1/2 
(32) James,D (2300)-Levitt,J (2455) Plymouth 1992}) 12. h3 Bh5 $1 13. a5 O-O
14. c5 Bc7 15. Na4 e5 16. Nb6 $36 {[%mdl 2048] White is pushing.} e4 (16... Ra7
$1 $11 {keeps the balance.}) 17. Ne1 Bxe2 18. Qxe2 Ra7 19. Nc2 Ne8 20. Nb4 Nb8
21. f3 Qe7 $2 {[%mdl 8192]} (21... exf3 $11 22. gxf3 (22. Rxf3 Nf6 $11) 22...
f5) 22. fxe4 $2 (22. Nc8 $18 Qd7 23. Nxa7) 22... Qxe4 $14 23. Qd3 (23. Nc8 $5 {
[%cal Rc8a7]} Rb7 24. Nb6 $14) 23... Nf6 24. Rxf6 Qxd3 25. Nxd3 gxf6 26. Kf2
Re8 27. Kf3 (27. g4 $11) 27... Kf8 ({Better is} 27... f5 $15) 28. Be1 f5 29.
Bh4 Bd8 $2 (29... Kg7 $15 {stays ahead.}) 30. Bxd8 (30. Nc8 $1 $16) 30... Rxd8
$11 31. Rf1 Re8 32. Ke2 Rae7 33. Ne5 Rxe5 (33... Kg7 {is more complex.} 34.
Rxf5 f6 35. Ng4 Rf8 36. Nf2 Rfe8) 34. dxe5 Rxe5 {[%mdl 4096] Endgame KRN-KRN}
35. Kd3 Ke7 36. Nc8+ Ke6 {...Nd7 is the strong threat.} (36... Kf6 $5 {[%cal
Rb8d7]} 37. Nb6 Kg6 $11) 37. Nd6 Nd7 38. Kd4 Nf6 $2 (38... Nf8 $11) 39. Rb1 $1
$16 {[%cal Rb1b6][%mdl 1024] White has strong compensation.} Ne4 $2 {[#]} (
39... Nd7 {was necessary.}) 40. Ne8 $2 (40. Nxf7 $1 $18 {[%mdl 512]} Nd2 (40...
Kxf7 41. Kxe5) 41. Rb7 (41. Nxe5 Nxb1 42. Nxc6 Na3 $18) 41... Nb3+ 42. Rxb3
Re4+ 43. Kd3 Kxf7 44. Rb6 {[%mdl 64] Double Attack}) 40... Nd2 {aiming for ...
Re4+.} 41. Nc7+ Kf6 42. Rb6 {[%mdl 64] Double Attack} Re4+ $1 43. Kd3 Nc4 {
Threatens to win with ...Ke5.} 44. Rxc6+ $2 ({Only move:} 44. Nxd5+ $1 $11 Kg5
45. Nc3 Nxb6 46. axb6) 44... Kg7 $2 {[%mdl 8192]} (44... Ke5 $17 45. Kc2 Rxe3
46. Nxa6 Rg3) 45. Rxa6 $18 Ne5+ 46. Kd2 Ra4 $2 (46... Rc4 $16 {might work
better.} 47. Ne8+ (47. Nxd5 Rxc5 48. Ne7 Nc4+ 49. Kd3 Rxa5 $16) 47... Kf8) 47.
Ra8 $2 (47. Nxd5 $18 {Strongly threatening c6.} f4 48. c6 Nxc6 49. Rxc6 fxe3+
50. Kxe3 Rxa5 51. Ke4) 47... Rxa5 $2 (47... d4 $16 48. exd4 Rxd4+ 49. Ke2 Re4+
50. Kf1 Nd3) 48. Rxa5 Nc4+ 49. Kc3 Nxa5 50. Nxd5 {KN-KN} Kf8 51. Nb4 (51. Kb4
$142 Nc6+ 52. Kb5) 51... Ke7 52. Kd4 Ke6 53. c6 Kd6 54. h4 $2 (54. g3 $18)
54... f6 $16 {[#]} 55. h5 ({White should try} 55. e4 $1 $16 {[%cal Re4f5]} f4
56. c7 Kxc7 57. Kd5) 55... Nxc6+ $11 {The position is equal.} 56. Nxc6 Kxc6 57.
e4 fxe4 58. Kxe4 {White threatens Kf5 and mate. KPP-KPP} Kd6 59. Kf5 Ke7 60.
Ke4 Ke6 61. g4 Ke7 62. Kd4 Ke6 63. Ke4 Ke7 64. Kf5 Kf7 $1 65. g5 {Accuracy:
White = 28%, Black = 39%.} 1/2-1/2

[Event "GER-ch Blitz 2019"]
[Site "Magdeburg"]
[Date "2019.05.25"]
[Round "2.11"]
[White "Krause, Benedict"]
[Black "Baskin, Robert"]
[Result "1-0"]
[WhiteElo "2434"]
[BlackElo "2398"]
[Annotator "NA"]
[PlyCount "65"]
[EventDate "2019.05.25"]
[EventType "tourn"]
[EventCountry "GER"]
[Tiebreak "Number of wins+Number of black wins"]
[SourceTitle "playchess.com"]
[Source "ChessBase"]
[SourceQuality "1"]
[TimeControl "180+2"]

1. e4 {[%emt 0:00:00]} c5 {[%emt 0:00:02]} 2. Nf3 {[%emt 0:00:02]} d6 {[%emt 0:
00:01]} 3. d4 {[%emt 0:00:01]} cxd4 {[%emt 0:00:01]} 4. Nxd4 {[%emt 0:00:00]}
Nf6 {[%emt 0:00:02]} 5. Nc3 {[%emt 0:00:01]} a6 {[%emt 0:00:01]} 6. Bg5 {
[%emt 0:00:01]} Nbd7 {[%emt 0:00:02]} 7. Qe2 {[%emt 0:00:01]} h6 {[%emt 0:00:
03]} 8. Bh4 {[%emt 0:00:02]} g6 {[%emt 0:00:01]} 9. f4 {[%emt 0:00:00]} e5 {
[%emt 0:00:01]} 10. fxe5 {[%emt 0:00:02]} dxe5 {[%emt 0:00:01]} 11. O-O-O {
[%emt 0:00:02]} Qc7 {[%emt 0:00:01]} 12. Nb3 {[%emt 0:00:01]} b5 {[%emt 0:00:
02]} 13. Rxd7 {[%emt 0:00:02]} Nxd7 {[%emt 0:00:02]} 14. Nd5 {[%emt 0:00:01]}
Qb8 {[%emt 0:00:27]} 15. Qf3 {[%emt 0:00:27]} Bb7 {[%emt 0:00:16]} 16. Na5 {
[%emt 0:00:50]} Bxd5 {[%emt 0:00:07]} 17. exd5 {[%emt 0:00:01]} Bd6 {[%emt 0:
00:04]} 18. Nc6 {[%emt 0:00:05]} Qc7 {[%emt 0:00:07]} 19. Bd3 {[%emt 0:00:25]}
Nc5 {[%emt 0:00:29]} 20. Bf6 {[%emt 0:00:04]} Nxd3+ {[%emt 0:00:17]} 21. Qxd3 {
[%emt 0:00:02]} O-O {[%emt 0:00:05]} 22. Qh3 {[%emt 0:00:06]} e4 {[%emt 0:00:
09]} 23. Rf1 {[%emt 0:00:35]} h5 {[%emt 0:00:18]} 24. g4 {[%emt 0:00:03]} Qd7 {
[%emt 0:00:01]} 25. Rf5 {[%emt 0:00:12]} Qxf5 {[%emt 0:00:57]} 26. gxf5 {
[%emt 0:00:01]} Bf4+ {[%emt 0:00:01]} 27. Kd1 {[%emt 0:00:02]} e3 {[%emt 0:00:
02]} 28. fxg6 {[%emt 0:00:06]} fxg6 {[%emt 0:00:01]} 29. Qe6+ {[%emt 0:00:01]}
Rf7 {[%emt 0:00:04]} 30. Nd8 {[%emt 0:00:01]} Rxd8 {[%emt 0:00:03]} 31. Bxd8 {
[%emt 0:00:01]} Kg7 {[%emt 0:00:03]} 32. Bb6 {[%emt 0:00:02]} Bxh2 {[%emt 0:00:
03]} 33. Bd4+ {[%emt 0:00:01]} 1-0

[Event "GER-ch Blitz 2019"]
[Site "Magdeburg"]
[Date "2019.05.25"]
[Round "2.12"]
[White "Koch, Thomas"]
[Black "Hebbinghaus, Holger"]
[Result "1/2-1/2"]
[WhiteElo "2474"]
[BlackElo "2310"]
[Annotator "TA"]
[PlyCount "139"]
[EventDate "2019.05.25"]
[EventType "tourn"]
[EventCountry "GER"]
[Tiebreak "Number of wins+Number of black wins"]
[SourceTitle "playchess.com"]
[Source "ChessBase"]
[SourceQuality "1"]

{[%evp 22,139,0,0,0,0,22,24,31,22,25,28,35,3,13,0,31,6,14,0,39,40,50,-33,-37,
-45,-44,-45,-37,-39,-2,-20,0,-27,0,-15,-11,-44,0,-53,-39,-83,-31,-37,0,0,0,0,
90,79,83,78,62,38,38,41,29999,17,25,28,35,0,0,0,0,0,0,0,2,0,0,0,0,0,93,0,173,
165,155,33,58,4,20,13,13,0,0,0,0,0,0,0,0,0,0,0,0,0,0,0,0,0,0,0,0,0,0,0,0,0,0,0,
0,0,0,0,0,0,0,0]} 1. d4 d5 2. c4 e6 3. Nc3 a6 4. Nf3 Nf6 5. Bg5 dxc4 6. a4 h6
7. Bh4 c5 8. e3 Nc6 9. Bxc4 cxd4 10. exd4 Be7 11. O-O O-O 12. Re1 Nb4 {D27:
Queen's Gambit Accepted: Classical main line: 7 e4!? and 7 a4} (12... Bd7 13.
Qe2 Nd5 14. Bg3 Bb4 15. Rec1 Nde7 16. Ne5 Nxe5 17. Qxe5 Bc6 18. Bd3 Rc8 19. Rd1
Qa5 20. Qxa5 Bxa5 {1/2-1/2 (52) Topalov,V (2775)-Karjakin,S (2776) Monte Carlo
2011}) 13. Qe2 Re8 14. Rad1 {aiming for d5!} Nfd5 $146 {White has an edge.} ({
Predecessor:} 14... Nbd5 15. Ne5 Qd6 16. Ba2 Bd7 17. Bg3 Nxc3 18. bxc3 Qb6 19.
Rb1 Qa5 20. Rxb7 Bxa4 21. Nxf7 Kxf7 22. Qxe6+ Kg6 23. Bb1+ Kh5 24. Qh3+ Kg5 25.
f4# {1-0 (25) Nikolashvili,G (2112)-Atishay,A (1903) Kemer 2007}) 15. Bg3 Bd7
16. Ne5 Bf6 17. Qh5 Rf8 18. Ng4 Bc6 19. Bb3 Bg5 $1 20. Ne5 Nf4 21. Bxf4 Bxf4 {
[#]} 22. Nxc6 (22. Nxf7 $1 $14 {[%mdl 512]} Rxf7 23. Bxe6 {[%mdl 64] Pin})
22... bxc6 $15 23. Qf3 Qc7 24. g3 Bd6 25. Ne4 Nd5 26. Rc1 Qd7 27. Bc4 a5 28.
Bd3 Rab8 29. Re2 Rb6 30. Qh5 (30. Nxd6 $11 Qxd6 31. Rc5) 30... Be7 31. h4 Rfb8
({Black should play} 31... Rb4 $17 32. Bc4 Nb6) 32. Nc5 Bxc5 (32... Qd6 {
looks sharper.} 33. Rcc2 Bf6 34. Ne4 Qd8 35. Nxf6+ Qxf6 36. Red2 g6) 33. Rxc5
Qa7 34. Qe5 Rxb2 (34... Rd8 $11 {keeps the balance.}) 35. Rxb2 $16 Rxb2 36.
Rxc6 {[%cal Rc6c8]} Qb8 37. Qxb8+ Rxb8 $14 {[%mdl 4096] Endgame KRB-KRN} 38.
Rc5 Rb3 $2 {[%mdl 8192]} (38... Nb4 $14 39. Bc4 Ra8) 39. Bc4 $2 (39. Rc8# {
mates}) 39... Rb4 40. Bxd5 exd5 41. Rxd5 Rxa4 $11 {KR-KR} 42. Rd8+ Kh7 43. h5
Ra2 44. Kg2 a4 45. Kf3 a3 46. Ra8 Ra1 47. Ke2 a2 (47... Ra2+ $11 48. Ke3 g5)
48. Ra7 (48. d5 $16) 48... Rh1 $2 (48... Kg8 $11) 49. Rxa2 $18 Rxh5 {[#]} 50.
Ke3 (50. Kd3 $1 $16) 50... Kg6 51. Ke4 (51. Kd3 $14) 51... Rb5 {The position
is equal.} 52. Ra6+ f6 53. Ra7 f5+ 54. Kf4 Kf6 55. Ra6+ Kf7 56. Rc6 g5+ 57. Ke3
Kg7 58. Kd3 h5 59. Re6 Rb2 60. Ke3 Rb3+ 61. Ke2 Rb2+ 62. Kf3 Rd2 63. Rd6 h4 64.
gxh4 gxh4 65. Ke3 h3 {Hoping for ...h2.} 66. Rd7+ Kg6 {Strongly threatening ...
h2.} 67. Rd8 Rd1 68. Rh8 Re1+ 69. Kf3 Rd1 70. Rxh3 {Accuracy: White = 39%,
Black = 49%.} 1/2-1/2

[Event "GER-ch Blitz 2019"]
[Site "Magdeburg"]
[Date "2019.05.25"]
[Round "2.13"]
[White "Barzen, Pascal"]
[Black "Wichmann, Cliff"]
[Result "0-1"]
[WhiteElo "2292"]
[BlackElo "2280"]
[Annotator "NA"]
[PlyCount "76"]
[EventDate "2019.05.25"]
[EventType "tourn"]
[EventCountry "GER"]
[Tiebreak "Number of wins+Number of black wins"]
[SourceTitle "playchess.com"]
[Source "ChessBase"]
[SourceQuality "1"]
[TimeControl "180+2"]

1. e4 {[%emt 0:00:00]} e6 {[%emt 0:00:00]} 2. d4 {[%emt 0:00:02]} d5 {[%emt 0:
00:02]} 3. e5 {[%emt 0:00:02]} c5 {[%emt 0:00:01]} 4. c3 {[%emt 0:00:01]} Bd7 {
[%emt 0:00:01]} 5. Nf3 {[%emt 0:00:00]} Nc6 6. a3 f6 {[%emt 0:00:02]} 7. b4 {
[%emt 0:00:04]} fxe5 8. dxe5 {[%emt 0:00:01]} Qc7 {[%emt 0:00:17]} 9. Bf4 {
[%emt 0:00:01]} O-O-O {[%emt 0:00:08]} 10. h4 {[%emt 0:00:07]} Nh6 {[%emt 0:00:
04]} 11. Nbd2 {[%emt 0:00:05]} Nf7 {[%emt 0:00:02]} 12. Qe2 {[%emt 0:00:11]} g6
{[%emt 0:00:02]} 13. b5 {[%emt 0:00:09]} Na5 {[%emt 0:00:06]} 14. a4 {[%emt 0:
00:01]} Bg7 {[%emt 0:00:12]} 15. g3 {[%emt 0:00:00]} h6 {[%emt 0:00:08]} 16.
Bg2 {[%emt 0:00:04]} Rdf8 {[%emt 0:00:06]} 17. O-O {[%emt 0:00:11]} g5 {
[%emt 0:00:01]} 18. hxg5 {[%emt 0:00:01]} hxg5 {[%emt 0:00:01]} 19. Nxg5 {
[%emt 0:00:01]} Nxg5 {[%emt 0:00:05]} 20. Bxg5 {[%emt 0:00:01]} Bxe5 {[%emt 0:
00:12]} 21. Rac1 {[%emt 0:00:07]} Kb8 {[%emt 0:00:20]} 22. Rfe1 {[%emt 0:00:05]
} Bd6 {[%emt 0:00:02]} 23. c4 {[%emt 0:00:13]} Rhg8 {[%emt 0:00:09]} 24. Bh4 {
[%emt 0:00:20]} Rf5 {[%emt 0:00:19]} 25. Qd3 {[%emt 0:00:32]} Rgf8 {[%emt 0:00:
03]} 26. Re2 {[%emt 0:00:10]} Be5 {[%emt 0:00:18]} 27. cxd5 {[%emt 0:00:09]}
exd5 {[%emt 0:00:03]} 28. Be7 {[%emt 0:00:32]} c4 {[%emt 0:00:14]} 29. Qxd5 {
[%emt 0:00:28]} Bxg3 {[%emt 0:00:04]} 30. Qd4 {[%emt 0:00:08]} Rxf2 {[%emt 0:
00:10]} 31. Rce1 {[%emt 0:00:10]} R2f4 {[%emt 0:00:06]} 32. Bd6 {[%emt 0:00:03]
} Rxd4 {[%emt 0:00:01]} 33. Bxc7+ {[%emt 0:00:00]} Bxc7 {[%emt 0:00:01]} 34.
Rf1 {[%emt 0:00:01]} Rxf1+ {[%emt 0:00:02]} 35. Nxf1 {[%emt 0:00:02]} Bb6 {
[%emt 0:00:01]} 36. Kh1 {[%emt 0:00:01]} c3 {[%emt 0:00:02]} 37. Be4 {[%emt 0:
00:02]} Bg4 {[%emt 0:00:04]} 38. Re3 {[%emt 0:00:02]} Rxe4 {[%emt 0:00:02]} 0-1

[Event "GER-ch Blitz 2019"]
[Site "Magdeburg"]
[Date "2019.05.25"]
[Round "2.14"]
[White "Feuerstack, Aljoscha"]
[Black "Heistermann, Till"]
[Result "1/2-1/2"]
[WhiteElo "2441"]
[BlackElo "2181"]
[Annotator "NA"]
[PlyCount "70"]
[EventDate "2019.05.25"]
[EventType "tourn"]
[EventCountry "GER"]
[Tiebreak "Number of wins+Number of black wins"]
[SourceTitle "playchess.com"]
[Source "ChessBase"]
[SourceQuality "1"]
[TimeControl "180+2"]

1. e4 {[%emt 0:00:00]} d6 {[%emt 0:00:00]} 2. d4 {[%emt 0:00:00]} e5 {[%emt 0:
00:00]} 3. c3 {[%emt 0:00:03]} Nf6 {[%emt 0:00:00]} 4. Bd3 {[%emt 0:00:00]} Be7
{[%emt 0:00:01]} 5. Nf3 {[%emt 0:00:01]} Nbd7 {[%emt 0:00:01]} 6. O-O {[%emt 0:
00:02]} O-O {[%emt 0:00:02]} 7. h3 {[%emt 0:00:01]} c6 {[%emt 0:00:00]} 8. Re1
{[%emt 0:00:02]} Re8 {[%emt 0:00:02]} 9. Na3 {[%emt 0:00:04]} Qc7 {[%emt 0:00:
01]} 10. Nc2 {[%emt 0:00:01]} Nf8 {[%emt 0:00:01]} 11. b4 {[%emt 0:00:05]} Ng6
{[%emt 0:00:02]} 12. a4 {[%emt 0:00:01]} a5 {[%emt 0:00:05]} 13. Bd2 $11 {
[%emt 0:00:15]} h6 {[%emt 0:00:01]} 14. Nh2 {[%emt 0:00:59]} Be6 {[%emt 0:00:
07]} 15. Ng4 {[%emt 0:00:05]} Qc8 {[%emt 0:00:16]} 16. Nce3 {[%emt 0:00:11]}
Nxg4 {[%emt 0:00:04]} 17. hxg4 {[%emt 0:00:02]} Bg5 {[%emt 0:00:01]} 18. Nf5 {
[%emt 0:00:04]} Qd8 {[%emt 0:00:02]} 19. Bxg5 {[%emt 0:00:04]} hxg5 {[%emt 0:
00:02]} 20. g3 {[%emt 0:00:15]} axb4 {[%emt 0:00:01]} 21. cxb4 exd4 {[%emt 0:
00:00]} 22. Nxd4 {[%emt 0:00:05]} Qf6 {[%emt 0:00:02]} 23. Nf5 {[%emt 0:00:09]}
Bxf5 {[%emt 0:00:05]} 24. gxf5 {[%emt 0:00:03]} Ne5 {[%emt 0:00:00]} 25. Be2 {
[%emt 0:00:05]} Rad8 {[%emt 0:00:09]} 26. f4 {[%emt 0:00:16]} Nd7 {[%emt 0:00:
07]} 27. Bg4 {[%emt 0:00:17]} Nf8 {[%emt 0:00:10]} 28. Qf3 {[%emt 0:00:03]}
Qd4+ {[%emt 0:00:04]} 29. Kg2 {[%emt 0:00:01]} Qxb4 {[%emt 0:00:02]} 30. Rab1 {
[%emt 0:00:05]} Qxa4 {[%emt 0:00:05]} 31. Rxb7 {[%emt 0:00:02]} Qc2+ {[%emt 0:
00:03]} 32. Re2 {[%emt 0:00:01]} Qc4 {[%emt 0:00:04]} 33. fxg5 Rb8 34. Reb2 {
[%emt 0:00:20]} Rxb7 {[%emt 0:00:03]} 35. Rxb7 {[%emt 0:00:01]} Qc2+ {[%emt 0:
00:07] Rb8} 1/2-1/2

[Event "GER-ch Blitz 2019"]
[Site "Magdeburg"]
[Date "2019.05.25"]
[Round "2.15"]
[White "Braeuning, Rudolf Wilhelm"]
[Black "Voege, Tobias"]
[Result "0-1"]
[WhiteElo "2285"]
[BlackElo "2294"]
[Annotator "NA"]
[PlyCount "89"]
[EventDate "2019.05.25"]
[EventType "tourn"]
[EventCountry "GER"]
[Tiebreak "Number of wins+Number of black wins"]
[SourceTitle "playchess.com"]
[Source "ChessBase"]
[SourceQuality "1"]
[TimeControl "180+2"]

1. e4 {[%emt 0:00:00]} c5 {[%emt 0:00:00]} 2. c3 {[%emt 0:00:01]} g6 {[%emt 0:
00:00]} 3. d4 {[%emt 0:00:01]} cxd4 {[%emt 0:00:00]} 4. cxd4 {[%emt 0:00:02]}
d5 {[%emt 0:00:01]} 5. exd5 {[%emt 0:00:01]} Bg7 {[%emt 0:00:03]} 6. Nc3 {
[%emt 0:00:02]} Nf6 {[%emt 0:00:01]} 7. Bc4 {[%emt 0:00:01]} O-O {[%emt 0:00:
02]} 8. Nge2 {[%emt 0:00:00]} Nbd7 {[%emt 0:00:02]} 9. Nf4 {[%emt 0:00:01]} a6
{[%emt 0:00:31]} 10. a4 {[%emt 0:00:05]} Nb6 {[%emt 0:00:31]} 11. Bb3 {[%emt 0:
00:01]} Bg4 {[%emt 0:00:03]} 12. f3 {[%emt 0:00:02]} Bd7 {[%emt 0:00:15]} 13.
h4 {[%emt 0:00:12]} h5 {[%emt 0:00:10]} 14. g4 {[%emt 0:00:27]} hxg4 {[%emt 0:
00:15]} 15. h5 {[%emt 0:00:01]} g5 {[%emt 0:00:07]} 16. h6 {[%emt 0:00:09]}
gxf4 {[%emt 0:00:06]} 17. hxg7 {[%emt 0:00:03]} Kxg7 {[%emt 0:00:02]} 18. Bxf4
{[%emt 0:00:03]} Rh8 {[%emt 0:00:06]} 19. Kf2 {[%emt 0:00:23]} gxf3 {[%emt 0:
00:22]} 20. Be5 {[%emt 0:00:03]} Bg4 {[%emt 0:00:05]} 21. Qg1 {[%emt 0:00:10]}
Qd7 {[%emt 0:00:03]} 22. Qg3 {[%emt 0:00:23]} Qf5 {[%emt 0:00:19]} 23. Rag1 {
[%emt 0:00:12]} Rxh1 {[%emt 0:00:06]} 24. Rxh1 {[%emt 0:00:02]} Rg8 {[%emt 0:
00:12]} 25. d6 {[%emt 0:00:23]} Kf8 {[%emt 0:00:08]} 26. dxe7+ {[%emt 0:00:05]}
Kxe7 {[%emt 0:00:01]} 27. Bxf6+ {[%emt 0:00:14]} Qxf6 {[%emt 0:00:10]} 28. Qc7+
{[%emt 0:00:04]} Kf8 {[%emt 0:00:01]} 29. Qc5+ {[%emt 0:00:11]} Kg7 {[%emt 0:
00:06]} 30. Ne4 {[%emt 0:00:04]} Qg6 {[%emt 0:00:04]} 31. Qe5+ {[%emt 0:00:06]}
Kf8 {[%emt 0:00:01]} 32. Nf6 {[%emt 0:00:09]} Nd7 {[%emt 0:00:02]} 33. Nxd7+ {
[%emt 0:00:16]} Bxd7 {[%emt 0:00:01]} 34. Qc5+ {[%emt 0:00:01]} Ke8 {[%emt 0:
00:02]} 35. Re1+ {[%emt 0:00:02]} Be6 {[%emt 0:00:02]} 36. Bxe6 Qg2+ {[%emt 0:
00:02]} 37. Ke3 {[%emt 0:00:06]} fxe6 {[%emt 0:00:02]} 38. Kd3 {[%emt 0:00:04]}
Qg6+ {[%emt 0:00:02]} 39. Kc3 {[%emt 0:00:02]} Kf7 {[%emt 0:00:02]} 40. Qc7+ {
[%emt 0:00:01]} Kf6 {[%emt 0:00:01]} 41. Qe5+ {[%emt 0:00:01]} Kf7 {[%emt 0:00:
01]} 42. Qc7+ {[%emt 0:00:01]} Kf6 {[%emt 0:00:01]} 43. Qe5+ {[%emt 0:00:01]}
Ke7 {[%emt 0:00:02]} 44. Qc7+ {[%emt 0:00:00]} Kf8 {[%emt 0:00:01]} 45. Qd6+ {
[%emt 0:00:02]} 0-1